| 000 | 00381nam a22001457a 4500 | ||
|---|---|---|---|
| 005 | 20241128125052.0 | ||
| 008 | 241128b |||||||| |||| 00| 0 eng d | ||
| 050 |
_aPN4775 _bAHU |
||
| 100 | _aAHUJA, B. N. | ||
| 245 | _aPRINCIPLES AND TECHNIQUES OF JOURNALISM | ||
| 260 |
_aNEW DELHI _bSURJEET PUBLICATIONS _cc2008 |
||
| 300 | _a392p | ||
| 700 | _aCHHABRA, S.S | ||
| 942 |
_2lcc _cBK _n0 |
||
| 999 |
_c1697 _d1697 |
||